000 00821cam a2200205 4500
001 WS118978
008 020722n 000 0 eng u
035 _a(Sirsi) u118978
110 _aInstitute of Actuaries
_92798
245 _aInstitute of Actuaries
520 _aWeb site for this professional body of actuaries in the UK. Also covers the Faculty of Actuaries in Scotland. Includes details on what actuaries so, pages on various aspects of their work such as life assurance and pensions, pages for students and a career guide.
650 _aORGANISATION
650 _aACTUARIES
650 _aValuation
_96273
650 _aLIFE ASSURANCE
650 _aPENSIONS
690 _aINSURANCE
_96249
856 4 0 _uhttps://www.actuaries.org.uk
_zView the website free of charge at www.actuaries.org.uk...
942 _n0
999 _c120122
_d120122